|
|
|
|
| LEADER |
00000cam a22000004a 4500 |
| 001 |
musev2_5580 |
| 003 |
MdBmJHUP |
| 005 |
20230905040648.0 |
| 006 |
m o d |
| 007 |
cr||||||||nn|n |
| 008 |
060118s2005 ch o 00 0 eng d |
| 010 |
|
|
|z 2006615110
|
| 020 |
|
|
|a 9789882200975
|
| 020 |
|
|
|z 9789622097353
|
| 035 |
|
|
|a (OCoLC)642692286
|
| 040 |
|
|
|a MdBmJHUP
|c MdBmJHUP
|
| 043 |
|
|
|a ae-----
|
| 050 |
0 |
4 |
|a KNC982.C67
|b C93 2005
|
| 245 |
0 |
0 |
|a Cyber-Crime :
|b The Challenge in Asia /
|c edited by Roderic Broadhurst and Peter Grabosky.
|
| 264 |
|
1 |
|a Hong Kong :
|b Hong Kong University Press ,
|c 2005 .
|
| 264 |
|
3 |
|a Baltimore, Md. :
|b Project MUSE,
|c 2012
|
| 264 |
|
4 |
|c ©2005 .
|
| 300 |
|
|
|a 1 online resource (460 pages).
|
| 336 |
|
|
|a text
|b txt
|2 rdacontent
|
| 337 |
|
|
|a computer
|b c
|2 rdamedia
|
| 338 |
|
|
|a online resource
|b cr
|2 rdacarrier
|
| 504 |
|
|
|a Includes bibliographical references (p. [403]-417) and index.
|
| 588 |
|
|
|a Description based on print version record.
|
| 650 |
|
0 |
|a Electronic commerce
|x Law and legislation
|z East Asia
|x Criminal provisions.
|
| 650 |
|
0 |
|a Computer networks
|x Law and legislation
|z East Asia
|x Criminal provisions.
|
| 650 |
|
0 |
|a Computer crimes
|z East Asia.
|
| 655 |
|
7 |
|a Electronic books.
|2 local
|
| 700 |
1 |
|
|a Grabosky, Peter N.,
|d 1945-
|
| 700 |
1 |
|
|a Broadhurst, Roderic G.
|
| 710 |
2 |
|
|a Project Muse.
|e distributor
|
| 830 |
|
0 |
|a Book collections on Project MUSE.
|
| 856 |
4 |
0 |
|z Texto completo
|u https://projectmuse.uam.elogim.com/book/5580/
|
| 945 |
|
|
|a Project MUSE - Custom Collection
|
| 945 |
|
|
|a Project MUSE - Archive Complete Foundation
|
| 945 |
|
|
|a Project MUSE - Archive Political Science and Policy Studies Foundation
|
| 945 |
|
|
|a Project MUSE - Archive Asian and Pacific Studies Foundation
|